000 00690nam a22001935i 4500
001 156256
003 ES-MaACL
005 20250709063218.0
008 040804m18551858fr |||| | fre d
100 1 _aJanin, Jules Gabriel,
_d1804-1874
_966026
245 1 0 _aHistoire de la littérature dramatique /
_cpar Jules Janin.
250 _a2e éd. rev. et corr. par l'auteur.
260 _aParis :
_bMichel Lévy Frères,
_c1855-1858 (
_fImp. de J. Claye)
300 _a6 v. ;
_c18 cm.
595 _aVol. 3 y 4: 1ª edición, de 1853-1857.
650 4 _aTeatro francés-
_xHistoria y crítica.
_9174692
852 4 _aES-MaACL
_jG-10045-50
_z- Enc. hol.
999 _c156256
_d156256